The principal tax laws of Japan
Tallennettuna:
| Päätekijä: | |
|---|---|
| Aineistotyyppi: | Kirja |
| Kieli: | Undetermined |
| Julkaistu: |
Kobe
The Japan Chronicle Press
1938
|
| Aiheet: | |
| Tagit: |
Lisää tagi
Ei tageja, Lisää ensimmäinen tagi!
|
| Thư viện lưu trữ: | Trung tâm Học liệu Trường Đại học Cần Thơ |
|---|
| LEADER | 00517nam a2200205Ia 4500 | ||
|---|---|---|---|
| 001 | CTU_86361 | ||
| 008 | 210402s9999 xx 000 0 und d | ||
| 082 | |a 336.2 | ||
| 082 | |b S443 | ||
| 100 | |a Sebald, William J. | ||
| 245 | 4 | |a The principal tax laws of Japan | |
| 245 | 0 | |c William J. Sebald | |
| 260 | |a Kobe | ||
| 260 | |b The Japan Chronicle Press | ||
| 260 | |c 1938 | ||
| 650 | |a Taxation | ||
| 650 | |x Law | ||
| 650 | |z Japan | ||
| 904 | |i Năm | ||
| 980 | |a Trung tâm Học liệu Trường Đại học Cần Thơ | ||